Survivors Guide to Small Business (Record no. 1859)

MARC details
000 -LEADER
fixed length control field 00346nam a22001337a 4500
008 - FIXED-LENGTH DATA ELEMENTS--GENERAL INFORMATION
fixed length control field 241218b |||||||| |||| 00| 0 eng d
020 ## - INTERNATIONAL STANDARD BOOK NUMBER
ISBN 0538725737
100 ## - MAIN ENTRY--AUTHOR
Author TOWNSLEY, Maria
245 ## - TITLE STATEMENT
Title Survivors Guide to Small Business
260 ## - PUBLICATION, DISTRIBUTION, ETC. (IMPRINT)
Place of publication Australia
Name of publisher Thomson & South Western
Date of publication 2003
300 ## - COLLATION
Pagination xii, 531p.
942 ## - ADDED ENTRY ELEMENTS (KOHA)
Item type Books
050 ## - LIBRARY OF CONGRESS CALL NUMBER
Classification number HD621
Item number .T69
Holdings
Source of classification or shelving scheme Not for loan Permanent location Current location Date acquired Accession No. Full call number Barcode. Koha item type
Library of Congress Classification   Samuel Ogbemudia Main Library, University of Abuja Samuel Ogbemudia Main Library, University of Abuja 12/18/2024 200939142 HD621.T69 2024-2864 Books